000 02090nam0a2200397 4500
001 RU\NLR\bibl\1395535
005 20260607070804.0
010 _a5-7036-0117-7
021 _aRU
_b2009-41393
_92515
035 _a(NLR Aleph) 001387561
090 _a1141319
_c1141319
100 _a20090727d2009 |||y0rusy50 ca
101 0 _arus
102 _aRU
105 _aac |||||||||
200 1 _aКикоин, Колмогоров, ФМШ МГУ
_fсост. А.М. Абрамов
205 _aИзд. 2-е, пересм. и доп.
210 _aМосква
_cФазис
_d2009
215 _a240 c.
_cил., портр.
_d25
300 _aНа авантит.: 105-летию со дня рождения А.Н. Колмогорова, 100-летию со дня рождения И.К. Кикоина, 45-летию ФМШ МГУ посвящается
600 1 _aКикоин
_bИ.К.
_f1908 - 1984
_gИсаак Константинович
_91886910
_3RU\NLR\auth\661148198
600 1 _aКолмогоров
_bА.Н.
_f1903 - 1987
_gАндрей Николаевич
_92162692
_3RU\NLR\auth\661301437
601 0 2 _aМГУ им. М.В. Ломоносова
_bФизико-математическая школа
_92370117
_3RU\NLR\auth\661414718
686 _aВ3д(2)Кикоин
686 _aВ1д(2)Колмогоров
686 _aЧ424(2)714.9
702 1 _4570
_7ca
_8rus
_aКикоин
_bИ. К.
_f1908-1984
_gИсаак Константинович
_9112454
_3RU\NLR\auth\772442
702 1 _4570
_7ca
_8rus
_aКолмогоров
_bА. Н.
_f1903-1987
_gАндрей Николаевич
_9110506
_3RU\NLR\auth\77455
702 1 _4220
_7ca
_8rus
_aАбрамов
_bА. М.
_cканд. пед. наук, математик
_f1946-2015
_gАлександр Михайлович
_99381
_3RU\NLR\AUTH\7726338
712 0 2 _4570
_aМГУ им. М. В. Ломоносова
_bФизико-математическая школа
_9369052
_3RU\NLR\AUTH\889937137
801 0 _aRU
_bNLR
_c20090727
_gRCR
801 1 _aRU
_bNLR
_c20090727
942 _cBOOK
980 _aNB